| Tag |
First Indicator |
Second Indicator |
Subfields |
| LEADER |
00000cam a2200000Ma 4500 |
| 001 |
in00002425995 |
| 005 |
20151109142426.0 |
| 008 |
980513s1993 cc af 000 0 chi d |
| 020 |
|
|
|a 7800226603
|
| 020 |
|
|
|a 9787800226601
|
| 029 |
0 |
|
|a AU@
|b 000015817707
|
| 035 |
|
|
|a (OCoLC)ocn222665361
|
| 035 |
|
|
|a (OCoLC)222665361
|
| 040 |
|
|
|a AU@
|b eng
|c AU@
|d TXA
|d UtOrBLW
|
| 049 |
|
|
|a TXAM
|
| 082 |
0 |
4 |
|a 641.5951
|2 21
|
| 090 |
|
|
|a TX724.5.C5
|b L53 1993
|
| 100 |
1 |
|
|a Li, Yueqing.
|
| 245 |
1 |
0 |
|a Jia ting mei wei tang pu /
|c Li Yueqing bian zhu.
|
| 264 |
|
1 |
|a Beijing :
|b Jin Dun,
|c 1993.
|
| 300 |
|
|
|a 6, 167 pages, 4 unnumbered pages of plates :
|b color illustrations ;
|c 19 cm.
|
| 336 |
|
|
|a text
|b txt
|2 rdacontent
|
| 337 |
|
|
|a unmediated
|b n
|2 rdamedia
|
| 338 |
|
|
|a volume
|b nc
|2 rdacarrier
|
| 650 |
|
0 |
|a Cooking, Chinese.
|
| 650 |
|
0 |
|a Soups.
|
| 994 |
|
|
|a C0
|b TXA
|
| 948 |
|
|
|a cataloged
|b h
|c 2008/10/20
|d c
|e jlanham
|f 12:11:47 pm
|
| 999 |
|
|
|a MARS
|
| 999 |
f |
f |
|s d70289da-dc78-3cd8-9b8f-5e5477368761
|i eb52bef9-fedb-3414-b1f3-a149f0393c15
|t 0
|
| 952 |
f |
f |
|p normal
|a Texas A&M University
|b College Station
|c Sterling C. Evans Library
|d Evans: Library Stacks
|t 0
|e TX724.5.C5 L53 1993
|h Library of Congress classification
|i unmediated -- volume
|m A14837373504
|
| 998 |
f |
f |
|a TX724.5.C5 L53 1993
|t 0
|l Evans: Library Stacks
|